000 00597nam a2200217Ia 4500
005 20240606110524.0
008 131103s9999 xx 000 0 und d
020 _a901225711
040 _aLoreto College
041 _aEnglish
082 _a510.7
_bWILL
100 _aWilliams, J D
245 _aTeaching technique in primary Maths
_cJ D Williams
260 _aEngland
_bNational Foundation for Educational Research
_c1971
300 _a108p.
440 _aExploring Education
504 _aIncludas reference & index
650 _aMathematics-Method
850 _aLCBED
942 _cBK
999 _c28371
_d78850